[Event "22.C.to Italiano femminile"]
[Site "Formia ITA"]
[Date "1995.07.27"]
[Round "8"]
[White "Scagliarini, Valentina"]
[Black "Parrino, Giuseppina"]
[Result "0-1"]
[WhiteElo "1525"]
[BlackElo "1816"]
[PlyCount "115"]
[EventDate "1995.07.20"]
[EventType "tourn"]
[EventCountry "ITA"]

1. e4 c5 2. Nf3 e6 3. d4 cxd4 4. Nxd4 Qc7 5. c4 a6 6. Nc3 b6 7. Be2 Bb7 8. f3 Nc6 9. Nxc6 Bxc6 10. Be3 Bd6 11. Qd4 Rb8 12. Qxg7 Be5 13. Bf4 Bxg7 14. Bxc7 Rb7 15. Bf4 Ne7 16. Rc1 Rg8 17. Bg3 f5 18. Bd3 Bh6 19. Rc2 f4 20. Bh4 Ng6 21. Bf2 Ne5 22. Bf1 Bg7 23. Rd2 Kf7 24. Bd4 b5 25. cxb5 axb5 26. b3 Ra8 27. Ne2 Ng6 28. Bxg7 Kxg7 29. Nc1 Rc7 30. Kf2 Bxe4 31. Bxb5 Bd5 32. Rhd1 Rac8 33. Nd3 Nf8 34. Nxf4 Bc6 35. Bxc6 Rxc6 36. Nh5+ Kh6 37. Nf4 d5 38. Nd3 Rc3 39. Ke2 Ra8 40. f4 Nd7 41. Rc1 d4 42. Rxc3 dxc3 43. Rc2 Rc8 44. Nf2 Nb6 45. Ne4 Nd5 46. g3 Kg6 47. Rc1 Ra8 48. a4 Rc8 49. Kd3 Nb4+ 50. Kd4 c2 51. Nc5 Rxc5 52. Kxc5 Nd3+ 53. Kb6 Nxc1 54. a5 Nxb3 55. a6 c1=Q 56. a7 Qc8 57. h3 Nd4 58. g4 0-1

[Event "22.C.to Italiano femminile"]
[Site "Formia ITA"]
[Date "1995.07.27"]
[Round "8"]
[White "Sirletti, Sonia"]
[Black "Riegler, Alessandra"]
[Result "0-1"]
[WhiteElo "1600"]
[BlackElo "1768"]
[PlyCount "120"]
[EventDate "1995.07.20"]
[EventType "tourn"]
[EventCountry "ITA"]

1. d4 Nf6 2. c4 g6 3. Nc3 d5 4. Nf3 Bg7 5. Bg5 dxc4 6. e4 O-O 7. Bxc4 c5 8. d5 Qb6 9. Qb3 Qxb3 10. Bxb3 Re8 11. O-O Bd7 12. Rfd1 b5 13. e5 Ng4 14. e6 fxe6 15. dxe6 Bc6 16. Bd5 a6 17. Rd2 Ra7 18. Rad1 Nf6 19. b3 Bxd5 20. Nxd5 Nc6 21. Nb6 Rb7 22. Nd7 Nxd7 23. Rxd7 Rxd7 24. exd7 Rd8 25. Rd5 Kf7 26. Rxc5 Rxd7 27. Kf1 Rd6 28. Bf4 Rf6 29. Ng5+ Kg8 30. Be3 e5 31. Rd5 Bf8 32. Ne4 Re6 33. Nc5 Bxc5 34. Bxc5 Kf7 35. Ke2 Kf6 36. Ke3 Kf5 37. h3 h5 38. g3 g5 39. Rd7 e4 40. Rd5+ Re5 41. Rxe5+ Kxe5 42. f3 exf3 43. Kxf3 Nd8 44. Be3 Ne6 45. Bd2 Kd4 46. Ke2 Ke4 47. Be3 a5 48. a3 a4 49. b4 g4 50. h4 Ng7 51. Bc5 Nf5 52. Bf2 Nd6 53. Be3 Nc4 54. Bc1 Kd4 55. Kd1 Kd3 56. Ke1 Kc2 57. Bf4 Nxa3 58. Ke2 Nc4 59. Bg5 a3 60. Bf6 Nb2 0-1

[Event "22.C.to Italiano femminile"]
[Site "Formia ITA"]
[Date "1995.07.27"]
[Round "8"]
[White "Varinelli, Sara"]
[Black "Marioni, Giuliana"]
[Result "1-0"]
[WhiteElo "1696"]
[BlackElo "1573"]
[PlyCount "39"]
[EventDate "1995.07.20"]
[EventType "tourn"]
[EventCountry "ITA"]

1. e4 c6 2. d4 d5 3. exd5 cxd5 4. Bd3 Nf6 5. h3 Nbd7 6. Nf3 e6 7. O-O Be7 8. Be3 O-O 9. Nbd2 Re8 10. Nh2 Bd6 11. f4 g6 12. Ng4 Nh5 13. Qf3 b6 14. Ne5 f5 15. g4 Nhf6 16. Qg3 Bb7 17. gxf5 Ne4 18. Bxe4 Bxe5 19. fxe5 exf5 20. Bxf5 1-0

[Event "22.C.to Italiano femminile"]
[Site "Formia ITA"]
[Date "1995.07.28"]
[Round "9"]
[White "Arnetta, Maria Teresa"]
[Black "Varinelli, Sara"]
[Result "1/2-1/2"]
[WhiteElo "1618"]
[BlackElo "1696"]
[PlyCount "102"]
[EventDate "1995.07.20"]
[EventType "tourn"]
[EventCountry "ITA"]

1. e4 e5 2. Nf3 Nc6 3. Bc4 d6 4. d4 Be7 5. dxe5 Nxe5 6. Nxe5 dxe5 7. Qxd8+ Bxd8 8. b3 Nf6 9. Nd2 O-O 10. Bb2 Re8 11. O-O-O Ng4 12. Rde1 Bg5 13. h3 Nf6 14. Re2 Bd7 15. Kb1 Bc6 16. Nf3 Bf4 17. Bd3 Nd7 18. g3 Bh6 19. Nh2 g6 20. Ng4 Bg7 21. Rhe1 Rad8 22. f4 exf4 23. gxf4 Nc5 24. Nf2 Bxb2 25. Kxb2 Nxd3+ 26. cxd3 Rd4 27. Kc3 Red8 28. Re3 Bb5 29. Rg1 Kf8 30. h4 c5 31. h5 b6 32. hxg6 hxg6 33. Rh3 Ke7 34. Rg5 R8d6 35. f5 gxf5 36. Rxf5 Rf6 37. Rhf3 Rxf5 38. Rxf5 Ke6 39. Rh5 Rd8 40. Rg5 Ba6 41. Rg3 Bb5 42. Nh3 Ke7 43. Rf3 Rg8 44. Nf4 Bc6 45. Rf2 Rg3 46. Kd2 Bb7 47. Ne2 Rh3 48. Nc3 Bc6 49. Ke2 Rg3 50. Rf3 Rg2+ 51. Rf2 Rg3 1/2-1/2

[Event "22.C.to Italiano femminile"]
[Site "Formia ITA"]
[Date "1995.07.28"]
[Round "9"]
[White "Parrino, Giuseppina"]
[Black "Fittante, Giuliana"]
[Result "1/2-1/2"]
[WhiteElo "1816"]
[BlackElo "1637"]
[PlyCount "76"]
[EventDate "1995.07.20"]
[EventType "tourn"]
[EventCountry "ITA"]

1. e4 e5 2. Nc3 Nf6 3. f4 d5 4. fxe5 Nxe4 5. Nf3 Nc6 6. d3 Nxc3 7. bxc3 Be7 8. Be2 d4 9. cxd4 Nxd4 10. c3 Nxe2 11. Qxe2 O-O 12. O-O c5 13. Bb2 Be6 14. a4 Qa5 15. Qc2 Rac8 16. Nd2 f6 17. Rae1 Qa6 18. Rf3 fxe5 19. Rxe5 Rxf3 20. Nxf3 Bf6 21. Re4 c4 22. Re3 cxd3 23. Qxd3 Qxd3 24. Rxd3 Kf7 25. Nd4 Bc4 26. Rf3 Rc5 27. Nf5 Rd5 28. Ba3 Rd1+ 29. Kf2 Rf1+ 30. Ke3 Rxf3+ 31. Kxf3 Bd5+ 32. Kf2 Bxc3 33. Nd6+ Ke6 34. Nb5 Be5 35. Bc5 a6 36. Nd4+ Bxd4+ 37. Bxd4 g6 38. a5 Kf5 1/2-1/2

[Event "22.C.to Italiano femminile"]
[Site "Formia ITA"]
[Date "1995.07.28"]
[Round "9"]
[White "Riegler, Alessandra"]
[Black "Scagliarini, Valentina"]
[Result "1/2-1/2"]
[WhiteElo "1768"]
[BlackElo "1525"]
[PlyCount "93"]
[EventDate "1995.07.20"]
[EventType "tourn"]
[EventCountry "ITA"]

1. e4 e6 2. d4 d5 3. Nc3 Bb4 4. e5 c5 5. a3 Bxc3+ 6. bxc3 Ne7 7. a4 Nbc6 8. Nf3 Qa5 9. Qd2 f6 10. exf6 gxf6 11. Be2 Rg8 12. O-O e5 13. dxe5 fxe5 14. Re1 Bh3 15. g3 O-O-O 16. Bf1 Bxf1 17. Kxf1 e4 18. Ng5 Ne5 19. f4 h6 20. fxe5 Rdf8+ 21. Kg2 hxg5 22. Bb2 Rf3 23. Rf1 g4 24. Qh6 Qd8 25. Rad1 Rgf8 26. Rxf3 exf3+ 27. Kf2 Rh8 28. Qe6+ Qd7 29. Qxd7+ Kxd7 30. h4 Ke6 31. Bc1 Kxe5 32. Be3 b6 33. a5 Nc8 34. axb6 axb6 35. Ra1 Rh7 36. Bf4+ Ke6 37. Ra8 Nd6 38. Rb8 b5 39. Rb6 Rd7 40. Bxd6 Rxd6 41. Rxb5 Rc6 42. Rb8 Rc7 43. Re8+ Re7 44. Rxe7+ Kxe7 45. Ke3 d4+ 46. cxd4 cxd4+ 47. Kf2 1/2-1/2

[Event "7. Magistrale"]
[Site "Marostica"]
[Date "1995.09.10"]
[Round "1"]
[White "Aranovitch, Emiliano"]
[Black "Perezzani, Stefano"]
[Result "1/2-1/2"]
[WhiteElo "1963"]
[BlackElo "1983"]
[PlyCount "51"]
[EventDate "1995.09.10"]
[EventType "swiss"]
[EventRounds "9"]
[EventCountry "ITA"]

1. e4 e6 2. d4 d5 3. Nc3 Bb4 4. e5 c5 5. a3 cxd4 6. axb4 dxc3 7. Qg4 Kf8 8. Nf3 Qc7 9. Bd3 Nc6 10. Qf4 Nge7 11. b5 Nd8 12. b4 Ng6 13. Qg5 Qe7 14. Qxe7+ Kxe7 15. Be3 f6 16. Bc5+ Kf7 17. Bd4 Bd7 18. Bxc3 b6 19. g3 Ke7 20. O-O Nf7 21. Rfe1 Ngxe5 22. Bxe5 Nxe5 23. Nxe5 fxe5 24. Rxe5 Kf6 25. Rae1 Rac8 26. f4 1/2-1/2

[Event "7. Magistrale"]
[Site "Marostica"]
[Date "1995.09.10"]
[Round "1"]
[White "Rosino, Antonio"]
[Black "Torelli, Mirco"]
[Result "1-0"]
[WhiteElo "2222"]
[BlackElo "1998"]
[PlyCount "91"]
[EventDate "1995.09.10"]
[EventType "swiss"]
[EventRounds "9"]
[EventCountry "ITA"]
[SourceTitle "EXT 99"]
[Source "ChessBase"]
[SourceDate "1998.11.10"]
[SourceVersion "1"]
[SourceVersionDate "1998.11.10"]
[SourceQuality "1"]

1. e4 c5 2. c3 e5 3. Bc4 Nc6 4. Nf3 Qc7 5. O-O Nf6 6. Re1 Be7 7. Na3 a6 8. Bf1 O-O 9. Nc4 b5 10. Ne3 d6 11. d4 Bg4 12. Nxg4 Nxg4 13. h3 Nf6 14. a4 c4 15. b3 Na5 16. bxc4 Nxc4 17. Qb3 Rab8 18. axb5 axb5 19. Bg5 Rfc8 20. d5 h6 21. Bxf6 Bxf6 22. Ra6 Qc5 23. Rb1 Be7 24. Qb4 Rc7 25. Qxc5 Rxc5 26. Rc6 Rxc6 27. dxc6 Rc8 28. Bxc4 bxc4 29. Rb6 Bd8 30. Ra6 Bg5 31. Kf1 Kf8 32. h4 Bf4 33. g3 Bc1 34. Ke1 g5 35. Kd1 gxh4 36. Kxc1 hxg3 37. fxg3 Ke7 38. Nd2 f5 39. Nxc4 fxe4 40. Ra7+ Ke6 41. c7 d5 42. Nb6 Rg8 43. c8=Q+ Rxc8 44. Nxc8 d4 45. cxd4 exd4 46. Ra5 1-0

[Event "7. Magistrale"]
[Site "Marostica"]
[Date "1995.09.11"]
[Round "2.10"]
[White "Perezzani, Stefano"]
[Black "Bolico, Exfelicos"]
[Result "1/2-1/2"]
[WhiteElo "1983"]
[BlackElo "2200"]
[PlyCount "117"]
[EventDate "1995.09.10"]
[EventType "swiss"]
[EventRounds "9"]
[EventCountry "ITA"]

1. e4 c6 2. d4 d5 3. Nc3 dxe4 4. Nxe4 Bf5 5. Ng3 Bg6 6. h4 h6 7. Nf3 Nd7 8. h5 Bh7 9. Bd3 Bxd3 10. Qxd3 e6 11. Bd2 Qc7 12. O-O-O O-O-O 13. Qe2 Bd6 14. Rh4 Ngf6 15. Ne4 Nxe4 16. Qxe4 Rhe8 17. Qe2 Kb8 18. Kb1 Ka8 19. Be3 Nf6 20. c4 c5 21. dxc5 Bxc5 22. Nd4 Qe5 23. Qf3 a6 24. Nc2 Rxd1+ 25. Qxd1 Bxe3 26. Nxe3 Qa5 27. Rd4 Qxh5 28. Rd8+ Rxd8 29. Qxd8+ Ka7 30. Qd4+ b6 31. Qd8 Qc5 32. a3 Kb7 33. b4 Qc8 34. Qd4 Qd7 35. Qf4 a5 36. Nc2 Qd3 37. bxa5 bxa5 38. Qe5 Qb3+ 39. Kc1 Qxc4 40. Qxa5 Qf1+ 41. Qe1 Qxe1+ 42. Nxe1 Kb6 43. Kc2 Ne4 44. Nd3 h5 45. f3 Nd6 46. Ne5 g6 47. Nd3 Kb5 48. Kc3 g5 49. Kd4 f6 50. a4+ Kc6 51. Ke3 Kd5 52. Nb4+ Kc4 53. Na6 Nf5+ 54. Kf2 e5 55. Nc7 Nd6 56. a5 Kc5 57. a6 Kb6 58. Nd5+ Kxa6 59. Nxf6 1/2-1/2

[Event "7. Magistrale"]
[Site "Marostica"]
[Date "1995.09.11"]
[Round "2.16"]
[White "Schreuder, Rolf"]
[Black "Giuriati, Paolo"]
[Result "1-0"]
[WhiteElo "2200"]
[BlackElo "1957"]
[PlyCount "103"]
[EventDate "1995.09.10"]
[EventType "swiss"]
[EventRounds "9"]
[EventCountry "ITA"]

1. Nf3 Nf6 2. d4 g6 3. c4 Bg7 4. Nc3 d6 5. e3 O-O 6. Be2 Nbd7 7. b3 e5 8. Bb2 e4 9. Nd2 Re8 10. Qc2 Qe7 11. g4 c5 12. g5 Nh5 13. Bxh5 gxh5 14. Nd5 Qxg5 15. O-O-O Nf6 16. Nxf6+ Qxf6 17. Rdg1 Kf8 18. Nxe4 Rxe4 19. Qxe4 Qxf2 20. Rf1 Qe2 21. Re1 Qg4 22. Qe5 Qe6 23. Qxh5 b5 24. Rhg1 Bh6 25. d5 Bxe3+ 26. Kd1 Qe4 27. Qh6+ Bxh6 28. Rxe4 Bf5 29. Rh4 Be3 30. Bg7+ Kg8 31. Rg2 Bg6 32. Bf6 bxc4 33. Rxc4 Kf8 34. Ra4 a6 35. h4 Bh6 36. Ke1 Re8+ 37. Re2 Bd3 38. Rxe8+ Kxe8 39. b4 Bb5 40. Ra3 cxb4 41. Rg3 Bc4 42. Rg4 Bxa2 43. Rxb4 Kd7 44. Rb7+ Kc8 45. Rxf7 Bb1 46. Ra7 Bd3 47. Bg5 Bxg5 48. hxg5 Kd8 49. Kd2 Bc4 50. Rxh7 Bxd5 51. g6 Ke8 52. Rh8+ 1-0

[Event "7. Magistrale"]
[Site "Marostica"]
[Date "1995.09.11"]
[Round "2.18"]
[White "Van Eijck, Evert"]
[Black "Bertacco, Piero"]
[Result "1-0"]
[WhiteElo "2100"]
[BlackElo "1747"]
[PlyCount "87"]
[EventDate "1995.09.10"]
[EventType "swiss"]
[EventRounds "9"]
[EventCountry "ITA"]

1. Nc3 d5 2. e4 d4 3. Nce2 c5 4. Ng3 g6 5. Nf3 Bg7 6. Bc4 e6 7. d3 Ne7 8. O-O Nbc6 9. a4 Bd7 10. Bd2 b6 11. Qe2 Qc7 12. Rfc1 O-O 13. c3 Qd6 14. cxd4 cxd4 15. h3 a5 16. Nf1 e5 17. N1h2 h6 18. Ng4 Kh7 19. Bb5 f6 20. Rc2 h5 21. Ngh2 Rfc8 22. Rac1 Be6 23. Bc4 Bd7 24. Nf1 Nb4 25. Bxb4 Qxb4 26. b3 Bxa4 27. bxa4 Qxa4 28. Ra2 Qd7 29. Rb1 Rab8 30. Rab2 Qd6 31. N1d2 Nc6 32. Rxb6 Rxb6 33. Rxb6 Qc7 34. Rb1 a4 35. Qd1 Qa7 36. Bb5 a3 37. Bxc6 Rxc6 38. Nc4 a2 39. Ra1 Bf8 40. Qb3 Ra6 41. Ne1 Ra4 42. Nc2 Be7 43. Nb6 Ra6 44. Nc8 1-0

[Event "7. Magistrale"]
[Site "Marostica"]
[Date "1995.09.12"]
[Round "3.9"]
[White "Bolico, Exfelicos"]
[Black "Nurkic, Sahbaz"]
[Result "0-1"]
[WhiteElo "2200"]
[BlackElo "2420"]
[PlyCount "78"]
[EventDate "1995.09.10"]
[EventType "swiss"]
[EventRounds "9"]
[EventCountry "ITA"]

1. d4 Nf6 2. Nf3 c5 3. e3 b6 4. Be2 Bb7 5. O-O g6 6. c4 Bg7 7. Nc3 O-O 8. b3 d6 9. Bb2 a6 10. Qc2 cxd4 11. exd4 Nbd7 12. Rad1 Rc8 13. Qb1 e6 14. Rfe1 Qc7 15. Nd2 Qb8 16. Bf3 Bxf3 17. Nxf3 b5 18. cxb5 axb5 19. Qd3 b4 20. Nb5 Nd5 21. a4 bxa3 22. Nxa3 Rc6 23. Nd2 Nb4 24. Qb1 d5 25. Rc1 Ra6 26. Nf3 Qb6 27. Rc3 Rfa8 28. Nc2 Nc6 29. Rc1 Bh6 30. Ne3 Nb4 31. Rc7 R6a7 32. Rc8+ Kg7 33. Rxa8 Rxa8 34. Rc3 Nf6 35. Nd2 Qb5 36. h3 Qe2 37. Ndf1 Ne4 38. Rc2 Nxc2 39. Qxc2 Qxc2 0-1

[Event "7. Magistrale"]
[Site "Marostica"]
[Date "1995.09.12"]
[Round "3.10"]
[White "Manca, Federico"]
[Black "Perezzani, Stefano"]
[Result "1-0"]
[WhiteElo "2348"]
[BlackElo "1983"]
[PlyCount "45"]
[EventDate "1995.09.10"]
[EventType "swiss"]
[EventRounds "9"]
[EventCountry "ITA"]

1. e4 e6 2. d4 d5 3. Nc3 Bb4 4. e5 c5 5. a3 Bxc3+ 6. bxc3 Ne7 7. Nf3 Nbc6 8. Be2 Qa5 9. Qd2 Bd7 10. a4 f6 11. exf6 gxf6 12. Ba3 cxd4 13. Nxd4 Nxd4 14. Qxd4 e5 15. Qd2 Bc6 16. O-O Ng6 17. Bg4 h5 18. Qd3 Nf4 19. Qf5 Kf7 20. Rfe1 hxg4 21. Rxe5 Rae8 22. Rxe8 Rxe8 23. Qh7+ 1-0

[Event "7. Magistrale"]
[Site "Marostica"]
[Date "1995.09.12"]
[Round "3.11"]
[White "Rosino, Antonio"]
[Black "Danieli, Enrico"]
[Result "1/2-1/2"]
[WhiteElo "2222"]
[BlackElo "1903"]
[PlyCount "126"]
[EventDate "1995.09.10"]
[EventType "swiss"]
[EventRounds "9"]
[EventCountry "ITA"]
[SourceTitle "EXT 99"]
[Source "ChessBase"]
[SourceDate "1998.11.10"]
[SourceVersion "1"]
[SourceVersionDate "1998.11.10"]
[SourceQuality "1"]

1. e4 d5 2. exd5 Nf6 3. d4 Nxd5 4. Nf3 Bg4 5. Be2 e6 6. h3 Bh5 7. O-O Be7 8. c4 Nb6 9. Nc3 O-O 10. Be3 c6 11. Ne5 Bxe2 12. Qxe2 N8d7 13. Rad1 Nxe5 14. dxe5 Qc7 15. Bf4 Rad8 16. Ne4 Nd7 17. Nd6 f6 18. Nf5 Nxe5 19. Bxe5 fxe5 20. Nxe7+ Qxe7 21. Qxe5 Qf7 22. f3 Qf6 23. Qe3 Qxb2 24. Qxe6+ Kh8 25. Rb1 Qd4+ 26. Kh1 Qd7 27. Qe3 b6 28. Rbe1 Qd2 29. Rf2 Qd4 30. Qxd4 Rxd4 31. Re7 Rxc4 32. Rd2 a5 33. Rdd7 Rg8 34. Rb7 b5 35. Rec7 b4 36. Ra7 Rc5 37. f4 h5 38. Rf7 Kh7 39. f5 Kh6 40. h4 Rc4 41. g3 Rc2 42. Rfe7 Rd8 43. Re6+ Kh7 44. Re1 Rxa2 45. f6 Kg6 46. fxg7 b3 47. Rd7 Rg8 48. Rb7 a4 49. Re6+ Kf5 50. Rxc6 b2 51. Rcb6 a3 52. Rb4 Ra1+ 53. Kg2 a2 54. Rxb2 Rg1+ 55. Kxg1 a1=Q+ 56. Kg2 Kg6 57. R2b6+ Kh7 58. Rb5 Qa2+ 59. Kh3 Qe6+ 60. Kg2 Qe4+ 61. Kh2 Qe2+ 62. Kh3 Rc8 63. g8=Q+ Kxg8 1/2-1/2

[Event "7. Magistrale"]
[Site "Marostica"]
[Date "1995.09.12"]
[Round "3.16"]
[White "Negro, Roberto"]
[Black "Torelli, Mirco"]
[Result "1/2-1/2"]
[WhiteElo "2164"]
[BlackElo "1998"]
[Annotator "Gabriele"]
[PlyCount "64"]
[EventDate "1995.09.10"]
[EventType "swiss"]
[EventRounds "9"]
[EventCountry "ITA"]

1. d4 Nf6 2. c4 e6 3. Nc3 c5 4. d5 exd5 5. cxd5 d6 6. e4 g6 7. f4 Bg7 8. Nf3 O-O 9. Be2 b5 10. e5 dxe5 11. fxe5 Ng4 12. Bg5 f6 13. exf6 Bxf6 14. Qd2 Bf5 15. O-O b4 16. Nb5 a6 17. d6 axb5 18. Qd5+ Kh8 19. Bxf6+ Qxf6 20. Qxa8 Ne3 21. Rfc1 Qxb2 22. Kf2 Bd3 23. Re1 Bxe2 24. Rab1 Bxf3+ 25. Rxb2 Bxa8+ 26. Kxe3 Kg7 27. Rd2 Nd7 28. Kd3 Bd5 29. Re7+ Rf7 30. Ke3 {...} Bc4 31. Re8 Nf6 32. Rc8 Nd5+ 1/2-1/2

[Event "7. Magistrale"]
[Site "Marostica"]
[Date "1995.09.12"]
[Round "4.2"]
[White "Bancod, Ronald"]
[Black "Borgo, Giulio"]
[Result "1-0"]
[WhiteElo "2385"]
[BlackElo "2327"]
[Annotator "Gabriele"]
[PlyCount "54"]
[EventDate "1995.09.10"]
[EventType "swiss"]
[EventRounds "9"]
[EventCountry "ITA"]

{[%evp 0,51,35,35,71,71,71,20,58,22,63,75,72,34,55,35,65,64,40,19,31,12,48,39,41,32,33,29,43,28,-13,-7,-7,-37,-26,-73,-14,-94,-86,-85,-41,-61,-61,-48,39,37,27,39,49,49,41,23,54,-101]} 1. e4 c5 2. Nf3 Nc6 3. Bb5 Nf6 4. Nc3 g6 5. O-O Bg7 6. Re1 O-O 7. d3 Ne8 8. h3 Nc7 9. a4 d6 10. Bg5 Nxb5 11. axb5 Nd4 12. Nxd4 cxd4 13. Nd5 f6 14. Bd2 e6 15. Nf4 Qb6 16. Ra4 Bd7 17. Qa1 Rac8 18. c4 dxc3 19. bxc3 f5 20. d4 fxe4 21. Rxe4 e5 22. Qa2+ Rf7 23. Nd5 Qd8 24. Rxa7 Bxb5 25. dxe5 dxe5 26. h4 {...} Kh8 27. Bg5 Qf8 {Nur} 1-0

[Event "7. Magistrale"]
[Site "Marostica"]
[Date "1995.09.12"]
[Round "4.13"]
[White "Van Eijck, Evert"]
[Black "Bolico, Exfelicos"]
[Result "1-0"]
[WhiteElo "2100"]
[BlackElo "2200"]
[Annotator "Gabriele"]
[PlyCount "77"]
[EventDate "1995.09.10"]
[EventType "swiss"]
[EventRounds "9"]
[EventCountry "ITA"]

{[%evp 0,69,35,5,87,70,109,86,95,91,150,108,129,153,176,120,120,47,68,80,28,69,95,77,78,52,115,50,88,20,34,6,79,111,144,83,83,-40,57,111,257,244,258,54,56,28,28,41,187,187,204,55,388,184,165,170,180,177,354,182,182,174,181,174,307,313,397,313,313,334,606,397]} 1. Nc3 g6 2. Nf3 Bg7 3. e4 d6 4. Bc4 e5 5. d4 Nc6 6. dxe5 Nxe5 7. Nxe5 Bxe5 8. O-O Be6 9. Bxe6 fxe6 10. f4 Bg7 11. f5 Qf6 12. Be3 O-O-O 13. Qd2 Ne7 14. Nb5 Nc6 15. Bg5 Qxb2 16. Rab1 Qe5 17. Bxd8 Rxd8 18. fxe6 a6 19. Nxc7 Qxe4 20. Kh1 Be5 21. Qd5 Qh4 22. g3 Bxg3 23. Qg2 Bxh2 24. Qxh2 Qe4+ 25. Kg1 Qc4 26. Qg2 Qd4+ 27. Kh2 Qe5+ 28. Qg3 Qh5+ 29. Kg2 Kxc7 30. Rf7+ Kc8 31. Rbxb7 Qe2+ 32. Qf2 Qe4+ 33. Kf1 Qc4+ 34. Ke1 Qc3+ 35. Qd2 {...} Qc5 36. Kd1 Qc4 37. Qe2 Qc5 38. Qf1 d5 39. Qd3 {Nur} 1-0

[Event "7. Magistrale"]
[Site "Marostica"]
[Date "1995.09.12"]
[Round "4.14"]
[White "Perezzani, Stefano"]
[Black "Rossi, Giampiero"]
[Result "0-1"]
[WhiteElo "1983"]
[BlackElo "2019"]
[PlyCount "125"]
[EventDate "1995.09.10"]
[EventType "swiss"]
[EventRounds "9"]
[EventCountry "ITA"]

1. e4 c5 2. Ne2 e6 3. Nbc3 a6 4. g3 Nc6 5. Bg2 d6 6. O-O Nge7 7. f4 g6 8. d3 Bg7 9. Be3 O-O 10. Qd2 Qc7 11. Rae1 b5 12. g4 f5 13. exf5 exf5 14. Nd5 Nxd5 15. Bxd5+ Kh8 16. gxf5 Bxf5 17. c3 Rae8 18. Bg2 Ne7 19. Ng3 Bd7 20. d4 Nf5 21. Nxf5 Bxf5 22. dxc5 dxc5 23. Qd5 c4 24. Bd4 Rd8 25. Bxg7+ Kxg7 26. Qb7 Qxb7 27. Bxb7 Rd6 28. Re7+ Rf7 29. Rxf7+ Kxf7 30. Rf2 Kf6 31. Kg2 a5 32. a3 Be6 33. Be4 Bd5 34. Kf3 Be6 35. Kg3 Bf5 36. Kf3 Rd1 37. Re2 Bxe4+ 38. Kxe4 Rd3 39. Rg2 Ke6 40. Re2 Kf6 41. Rg2 Ke6 42. Re2 Rh3 43. Rg2 Kd6 44. Rd2+ Ke6 45. Rg2 Kd6 46. Rd2+ Kc5 47. Rd5+ Kc6 48. Rd2 Rh5 49. Rg2 Rd5 50. Ke3 Rd3+ 51. Ke4 b4 52. axb4 axb4 53. cxb4 Kb5 54. f5 gxf5+ 55. Kxf5 Kxb4 56. Ke4 Kb3 57. Rf2 Rd7 58. Rg2 h5 59. h4 Rd1 60. Rh2 Rg1 61. Kd4 Rg4+ 62. Kc5 Ka4 63. Rh3 0-1

[Event "7. Magistrale"]
[Site "Marostica"]
[Date "1995.09.13"]
[Round "5.10"]
[White "Pegoraro, Giorgio"]
[Black "Schreuder, Rolf"]
[Result "0-1"]
[WhiteElo "2094"]
[BlackElo "2200"]
[PlyCount "84"]
[EventDate "1995.09.10"]
[EventType "swiss"]
[EventRounds "9"]
[EventCountry "ITA"]

1. e4 c6 2. d4 g6 3. Nf3 d5 4. Nbd2 Bg7 5. Bd3 dxe4 6. Nxe4 Nd7 7. Qe2 Ndf6 8. Nc5 b6 9. Nb3 e6 10. Bg5 Bb7 11. O-O Ne7 12. Rad1 O-O 13. Rfe1 Qc7 14. Ne5 Rad8 15. c3 Ned5 16. c4 Nb4 17. a3 Nxd3 18. Rxd3 c5 19. dxc5 Rxd3 20. Nxd3 Ne4 21. cxb6 axb6 22. Be3 Qxc4 23. Nbc1 Nd6 24. b3 Qc6 25. f3 Nf5 26. Bf2 Nd4 27. Qe4 Qd7 28. Qf4 Nxb3 29. Ne5 Qd2 30. Qxd2 Nxd2 31. Bxb6 Bxe5 32. Rxe5 Bxf3 33. Rb5 Bd5 34. Bd4 Rc8 35. Nd3 Ne4 36. Rb1 f6 37. Nb4 Ba8 38. h3 e5 39. Be3 Nc3 40. Rb2 Nd1 41. Rc2 Rxc2 42. Nxc2 Be4 0-1

[Event "7. Magistrale"]
[Site "Marostica"]
[Date "1995.09.13"]
[Round "5.11"]
[White "Danieli, Enrico"]
[Black "Van Eijck, Evert"]
[Result "1/2-1/2"]
[WhiteElo "1903"]
[BlackElo "2100"]
[PlyCount "26"]
[EventDate "1995.09.10"]
[EventType "swiss"]
[EventRounds "9"]
[EventCountry "ITA"]

1. Nf3 b5 2. d4 e6 3. Bf4 Nf6 4. e3 b4 5. Bd3 Bb7 6. h3 c6 7. c3 Qb6 8. O-O d5 9. Nbd2 Nbd7 10. Ne5 Nxe5 11. Bxe5 Nd7 12. Bg3 Ba6 13. Bxa6 Qxa6 1/2-1/2

[Event "7. Magistrale"]
[Site "Marostica"]
[Date "1995.09.13"]
[Round "5.15"]
[White "Rossi, Giampiero"]
[Black "Bolico, Exfelicos"]
[Result "0-1"]
[WhiteElo "2019"]
[BlackElo "2200"]
[Annotator "Gabriele"]
[PlyCount "62"]
[EventDate "1995.09.10"]
[EventType "swiss"]
[EventRounds "9"]
[EventCountry "ITA"]

1. d4 g6 2. g3 Bg7 3. Bg2 d6 4. c4 Nd7 5. Nf3 e5 6. Nc3 Ne7 7. O-O O-O 8. e4 c6 9. b3 Qa5 10. Bb2 Re8 11. Qd2 Nf8 12. d5 c5 13. Ne1 f5 14. f3 Kh8 15. Nd3 Ng8 16. a3 Qb6 17. Qc2 g5 18. Na4 Qc7 19. b4 b6 20. b5 Ng6 21. Nc3 h5 22. h3 Nh6 23. a4 h4 24. g4 fxg4 25. fxg4 Nf4 26. Ne2 Rb8 27. Ndxf4 exf4 28. Bxg7+ Qxg7 29. a5 Rf8 30. axb6 axb6 {...} 31. Rf3 Nf7 {Nur} 0-1

[Event "7. Magistrale"]
[Site "Marostica"]
[Date "1995.09.14"]
[Round "6.7"]
[White "Rossi, Carlo"]
[Black "Rosino, Antonio"]
[Result "1/2-1/2"]
[WhiteElo "2292"]
[BlackElo "2222"]
[PlyCount "124"]
[EventDate "1995.09.10"]
[EventType "swiss"]
[EventRounds "9"]
[EventCountry "ITA"]
[SourceTitle "EXT 99"]
[Source "ChessBase"]
[SourceDate "1998.11.10"]
[SourceVersion "1"]
[SourceVersionDate "1998.11.10"]
[SourceQuality "1"]

1. Nf3 Nf6 2. g3 g6 3. b3 d5 4. Bb2 Bg7 5. Bg2 Nbd7 6. O-O O-O 7. c4 c6 8. d3 Re8 9. Nc3 e5 10. cxd5 Nxd5 11. Qc2 N7b6 12. Rad1 Nxc3 13. Bxc3 Nd5 14. Bb2 Qb6 15. Nd2 Be6 16. a3 a5 17. Qb1 Rad8 18. Qa1 Bg4 19. Rfe1 Qc7 20. h3 Bc8 21. Nf3 h6 22. e4 Nb6 23. Bc3 Nd7 24. b4 axb4 25. axb4 Nf8 26. Rd2 Nh7 27. Red1 Ng5 28. Nxg5 hxg5 29. d4 exd4 30. Bxd4 Bxd4 31. Rxd4 Be6 32. Qc3 Qb6 33. Qe3 Rxd4 34. Rxd4 Rd8 35. Rxd8+ Qxd8 36. Qc5 Kg7 37. Kh2 g4 38. h4 Qc7 39. b5 f6 40. b6 Qd7 41. Bf1 Kf7 42. Bg2 Qe7 43. Qa5 Bc4 44. Qa8 Ba6 45. Qc8 Qe6 46. Qc7+ Ke8 47. Qg7 Qf7 48. Qh6 Ke7 49. Qf4 Qe6 50. Kg1 Be2 51. Qb8 Qd7 52. e5 Ba6 53. exf6+ Kxf6 54. Qf4+ Qf5 55. Qd4+ Kf7 56. Be4 Qe6 57. Kh2 Bb5 58. Bc2 Ba6 59. Bd1 Be2 60. Bxe2 Qxe2 61. Qd7+ Kf6 62. Qd8+ Kg7 1/2-1/2

[Event "7. Magistrale"]
[Site "Marostica"]
[Date "1995.09.14"]
[Round "6.10"]
[White "Van Eijck, Evert"]
[Black "Di Lazzaro, Gabriele"]
[Result "1/2-1/2"]
[WhiteElo "2100"]
[BlackElo "1941"]
[PlyCount "43"]
[EventDate "1995.09.10"]
[EventType "swiss"]
[EventRounds "9"]
[EventCountry "ITA"]

1. Nc3 g6 2. Nf3 Bg7 3. e4 d6 4. Bc4 Nf6 5. e5 dxe5 6. Nxe5 O-O 7. O-O Nbd7 8. d4 c6 9. h3 Nd5 10. Nxd5 cxd5 11. Bxd5 Nxe5 12. dxe5 Bxe5 13. c3 Qc7 14. Qf3 Rb8 15. Re1 e6 16. Bb3 Ra8 17. Bg5 Bg7 18. Rad1 Bd7 19. Bf4 e5 20. Bg3 Bc6 21. Qe3 Rfe8 22. Qc5 1/2-1/2